Central Library OPAC University of Rajshahi

Diderot's determined fatalist : (Record no. 20834)

MARC details
000 -LEADER
fixed length control field 00771nam a2200229 a 4500
001 - CONTROL NUMBER
control field 20834
003 - CONTROL NUMBER IDENTIFIER
rucl marc code BD-RjUL
005 - DATE AND TIME OF LATEST TRANSACTION
control field 20211209000622.0
008 - FIXED-LENGTH DATA ELEMENTS--GENERAL INFORMATION
fixed length control field 140302s1950 nyu b 001 0 eng d
035 ## - SYSTEM CONTROL NUMBER
System control number (BD-RjUL)20896
040 ## - CATALOGING SOURCE
Original cataloging agency DLC
Language of cataloging eng
Transcribing agency DLC
Modifying agency BD-RjUL
041 ## - LANGUAGE CODE
Language code of text/sound track or separate title eng
082 04 - DEWEY DECIMAL CLASSIFICATION NUMBER
Edition number 19
Classification number 848.509
Author mark and year LOD 1950
100 1# - MAIN ENTRY--PERSONAL NAME
Personal name Loy, John Robert.
9 (RLIN) 64351
245 10 - TITLE STATEMENT
Title Diderot's determined fatalist :
Remainder of title a critical appreciation of Jacques le fataliste /
Statement of responsibility, etc. John Robert Loy.
260 ## - PUBLICATION, DISTRIBUTION, ETC. (IMPRINT)
Place of publication, distribution, etc. New York :
Name of publisher, distributor, etc. King's Crown Press,
Date of publication, distribution, etc. 1950.
300 ## - PHYSICAL DESCRIPTION
Pagination ix, 234 p. ;
Size 21 cm.
504 ## - BIBLIOGRAPHY, ETC. NOTE
Bibliography, etc Bibliography: p. [223]-230 and index.
600 10 - SUBJECT ADDED ENTRY--PERSONAL NAME
Personal name Diderot, Denis,
Dates associated with a name 1713-1784.
650 ## - SUBJECT ADDED ENTRY--TOPICAL TERM
Topical term or geographic name as entry element Diderot, Denis,
General subdivision Jacques le fataliste et son maître.
Chronological subdivision 1713-1784.
9 (RLIN) 64353
942 ## - ADDED ENTRY ELEMENTS (KOHA)
Source of classification or shelving scheme Dewey Decimal Classification
Koha item type Books
Holdings
Lost status Source of classification or shelving scheme Damaged status Not for loan Collection code Permanent Location Current Location Shelving location Date acquired Source of acquisition Total Checkouts Full call number Date last seen Copy number Koha item type
  Dewey Decimal Classification   Added to bundle Non-fiction Central Library, University of Rajshahi Central Library, University of Rajshahi Reading Room 03/09/1960 USIS, Dacca.   848.509 LOD 1950 02/03/2014 C-1 Books